Management / Concepts and Practices: Second Edition (Record no. 1981)
[ view plain ]
| 000 -LEADER | |
|---|---|
| fixed length control field | 01456cam a22002054a 4500 |
| 005 - ΗΜΕΡΟΜΗΝΙΑ ΚΑΙ ΩΡΑ ΤΕΛΕΥΤΑΙΑΣ ΕΝΗΜΕΡΩΣΗΣ | |
| Πεδίο ελέγχου | 20250605164025.0 |
| 008 - FIXED-LENGTH DATA ELEMENTS--GENERAL INFORMATION | |
| Πεδίο ελέγχου σταθερού μήκους | 250528s ||||||||||||||||||||||||d |
| 035 ## - SYSTEM CONTROL NUMBER | |
| System control number | 16487 |
| 020 ## - ISBN | |
| ISBN | 273631039 |
| 040 ## - ΠΗΓΗ ΚΑΤΑΛΟΓΟΓΡΑΦΗΣΗΣ | |
| Φορέας πρωτότυπης καταλογογράφησης | MC Athens Campus Library |
| Γλώσσα καταλογογράφησης | Ελληνικά, Μοντέρνα (1453-) |
| Modifying agency | MC Athens Campus Library |
| Κανόνες περιγραφικής καταλογογράφησης | AACR2 |
| 245 1# - ΤΙΤΛΟΣ ΚΑΙ ΔΗΛΩΣΗ ΥΠΕΥΘΥΝΟΤΗΤΑΣ | |
| Τίτλος | Management / Concepts and Practices: Second Edition |
| 250 ## - EDITION STATEMENT | |
| Edition statement | 2nd |
| 260 ## - PUBLICATION, DISTRIBUTION, ETC. | |
| Name of publisher, distributor, etc. | Financial Times - Pitman Publishing, |
| Date of publication, distribution, etc. | 1998 |
| 300 ## - PHYSICAL DESCRIPTION | |
| Extent | 690 |
| 520 ## - SUMMARY, ETC. | |
| Summary, etc. | This book analyses concepts and practices in all areas of Management in order to provide an understanding of the way organizations are managed, and an appreciation of the most recent developments in management theory and practice. Preface, Acknowledgements, A Management at a Time of Change, The Challenge of Management, Leadership, Focus on the Customer, Marketing, Policy and Planning, Strategic Management, The Implementation of Strategy, Total Quality Management, Management Control, Organizing, Organizational Culture, Organizational Communication, Human Resources Management, Work Motivation: Personal and Situational Influences on Behavior, Controlling, Management Decision Making, Operations Management, Information Systems Management, Financial Management, Management Issues, Business Ethics and Corporate Responsibility, Environmental Issues and Environmental Management, Multinational Management, Management in Perspective, Index. |
| 700 1# - ΠΡΟΣΘΕΤΗ ΑΝΑΓΡΑΦΗ--ΦΥΣΙΚΟ ΠΡΟΣΩΠΟ | |
| Personal name | Hannagan Tim |
| 9 (RLIN) | 1049 |
| 942 ## - ADDED ENTRY ELEMENTS (KOHA) | |
| Koha item type | Books |
| Τύπος τεκμηρίου | Βιβλιοθήκη | Τρέχουσα τοποθεσία | Barcode | Αριθμός εισαγωγής | Ημερομηνία απόκτησης | Ταξιθετικό σύμβολο | Αριθμός αντιτύπου | Κατάσταση απόσυρσης | Κατάσταση χαμένου | Κατάσταση κατεστραμμένου | Μη δανεισμός | Σύνολο δανεισμών | Ημερομηνία τελευταίας εμφάνισης | Η τιμή ισχύει από |
|---|---|---|---|---|---|---|---|---|---|---|---|---|---|---|
| Books | MC Athens Campus Library | MC Athens Campus Library | 9780000019806 | 4192 | 05/06/2025 | 658.4 HAN | 1 | 05/06/2025 | 05/06/2025 |